书目信息 |
| 题名: |
心理统计学
|
|
| 作者: | 邵志芳 著 | |
| 分册: | ||
| 出版信息: | 北京 中国轻工业出版社 2017 |
|
| 页数: | 462页 | |
| 开本: | 26cm | |
| 丛书名: | ||
| 单 册: | ||
| 中图分类: | B841.2 | |
| 科图分类: | ||
| 主题词: | 心理统计--xin li tong ji--高等学校--教材 | |
| 电子资源: | ||
| ISBN: | 978-7-5184-1129-0 | |
| 000 | 00879nam0 22002531 450 | |
| 001 | 1754454152 | |
| 005 | 20170522160119.51 | |
| 010 | @a978-7-5184-1129-0@dCNY76.00 | |
| 100 | @a20161229d2017 em y0chiy50 ea | |
| 101 | 0 | @achi |
| 102 | @aCN@b110000 | |
| 105 | @ay z 000yy | |
| 106 | @ar | |
| 200 | 1 | @a心理统计学@9xin li tong ji xue@f邵志芳著 |
| 205 | @a3版 | |
| 210 | @a北京@c中国轻工业出版社@d2017 | |
| 215 | @a462页@d26cm | |
| 300 | @a华东师范大学精品教材建设专项基金资助项目 | |
| 330 | @a本书系统介绍了心理统计学的理论基础、逻辑思路以及各种常用的统计方法。书中对每种技术的适用情况、具体操作和注意事项都做了认真说明,而且将统计思想化繁为简,时时渗透在其中。 | |
| 606 | 0 | @a心理统计@9xin li tong ji@x高等学校@j教材 |
| 690 | @aB841.2@v5 | |
| 701 | 0 | @a邵志芳@9shao zhi fang@f(1964~)@4著 |
| 801 | 0 | @aCN@b百万庄@c20170512 |
| 905 | @b1004772-7@dB841.2@e1701=3@f6 | |
| 心理统计学/邵志芳著.-3版.-北京:中国轻工业出版社,2017 |
| 462页;26cm |
| 华东师范大学精品教材建设专项基金资助项目 |
| ISBN 978-7-5184-1129-0:CNY76.00 |
| 本书系统介绍了心理统计学的理论基础、逻辑思路以及各种常用的统计方法。书中对每种技术的适用情况、具体操作和注意事项都做了认真说明,而且将统计思想化繁为简,时时渗透在其中。 |
| ● |
| 相关链接 |
|
|
|
|
正题名:心理统计学
索取号:B841.2/1701=3
 
预约/预借
| 序号 | 登录号 | 条形码 | 馆藏地/架位号 | 状态 | 备注 |
| 1 | 1004772 | 210047723 | 第一样本阅览室/ [索取号:B841.2/1701=3] | 在馆 | |
| 2 | 1004773 | 210047732 | 教育系资料室/ [索取号:B841.2/1701=3] | 在馆 | |
| 3 | 1004774 | 210047741 | 教育系资料室/ [索取号:B841.2/1701=3] | 在馆 | |
| 4 | 1004775 | 210047750 | 教育系资料室/ [索取号:B841.2/1701=3] | 在馆 | |
| 5 | 1004776 | 210047769 | 第一借阅区/ [索取号:B841.2/1701=3] | 在馆 | |
| 6 | 1004777 | 210047778 | 第一借阅区/ [索取号:B841.2/1701=3] | 在馆 |